000 00922nas a2200325 4500
001 BR0902237
003 BR-BrBNA
005 20231205112649.0
007 ta
008 230509b bl.|||p| |||| 00| 00por d
040 _aBR-BrBNA
_bpor
_cBiblioteca Nacional de Agricultura
041 _a(Pt)
072 _aQ04
100 1 _aFazio, M.L.S.
100 1 _aGonçalves, T.M.V.
100 1 _aHoffamann, F.L.
245 1 _aDeterminação da atividade antibacteriana de romã (Punica granatum L.)
650 _aROMÃ
650 _aEXTRATO
650 _aCOMPOSTO FENÓLICO
650 _aTANINO
650 _aPROFILAXIA
650 _aBACTÉRIA
650 _aDESINFECÇÃO
650 _aANÁLISE QUÍMICA
650 _aSÃO PAULO
773 0 _tHigiene Alimentar (Brazil)
_xISSN 0101-9171
_g(Jan-Feb 2009), v. 23(168-169) p. 54-56
_wBR0902237
909 _a202311
_bLúcia
_c55
_dLúcia Elande
942 _2AGRIS
_n0
_cANA
999 _c199251
_d199251